| 000 | 00452cam a2200181ua 4500 | ||
|---|---|---|---|
| 001 | 1301 | ||
| 008 | 110701n ii |||gr||||Z||||||asm | ||
| 040 | _cMAIN | ||
| 082 | _a338.5 | ||
| 245 |
_aArthabigyanar tatta. _cBy Nani Gopal Goswami. |
||
| 250 | _a10th. | ||
| 260 |
_aGowahati: _bJyoti prakashan., _c2008. |
||
| 300 |
_a676 p.: _c25 cm. |
||
| 653 | _aEconomics. | ||
| 653 | _aArthabigyanar tatta. | ||
| 700 | 1 | _aGoswami, Nani Gopal., | |
| 942 | _cBK | ||
| 999 |
_c1202 _d1202 |
||